Nové podoby publicistiky Cesty k vyššej kvalite

Bibliographic Details
Main Author: Košťálová, Marcela, 1950- (Author)
Format: Article
Language:Slovak
Subjects:

MARC

LEADER 00000nab a2200000 a 4500
001 vtls000369501
003 SK-MaSNL
005 20260304022638.0
008 140422c1990 xo 0 slo
015 |a SNBRB19rr/mm-uuuuu 
035 |a CL0369623 
040 |a SNKBUCL  |b slo  |c SNKBUCL  |e AACR2 
041 0 |a slo 
044 |a xo  |c SK 
080 |a 7.097  |2 1981 
100 1 |a Košťálová, Marcela,  |d 1950-  |4 aut  |9 209538 
245 1 0 |a Nové podoby publicistiky  |b Cesty k vyššej kvalite  |c Marcela Košťálová 
610 2 7 |a Československá televízia  |2 snkbucl  |9 215938 
630 0 7 |a Štúdio Dialóg (televízna relácia)  |2 snkbucl  |9 1301708 
650 0 7 |a televízne relácie  |2 snkbucl  |9 102040 
655 7 |a články z novín a časopisov  |2 snkbucl  |9 267496 
773 0 |t Literárny týždenník  |g Roč. 3, č. 3 (1990), s. 15 
850 |a Slovenská národná knižnica v Martine  |a MTA001 
852 |a SNK  |b KIS3GCP 
999 |c 2612397  |d 2614327